| 000 -LEADER |
| fixed length control field |
00352cam a22001097a 4500 |
| 008 - FIXED-LENGTH DATA ELEMENTS--GENERAL INFORMATION |
| fixed length control field |
180718b1938 xxu||||| |||| 00| 0 eng d |
| 082 ## - DEWEY DECIMAL CLASSIFICATION NUMBER |
| Classification number |
B1241x5452 P774 |
| 100 ## - MAIN ENTRY--PERSONAL NAME |
| Personal name |
Ponniah, J.S. |
| 245 ## - TITLE STATEMENT |
| Title |
Research studies in the economic and social environment of the Indian church |
| Statement of responsibility, etc. |
by J.S.Ponniah |
| 260 ## - PUBLICATION, DISTRIBUTION, ETC. |
| Place of publication, distribution, etc. |
Madhra |
| Name of publisher, distributor, etc. |
American College |
| Date of publication, distribution, etc. |
1938 |
| 300 ## - PHYSICAL DESCRIPTION |
| Extent |
iv,222p. |